| 000 | 01029nam a2200253Ia 4500 | ||
|---|---|---|---|
| 001 | 12803 | ||
| 003 | OSt | ||
| 005 | 20260325151116.0 | ||
| 008 | 211022s9999 xx 000 0 und d | ||
| 020 | _a9780749552299 | ||
| 040 | _cIVS | ||
| 082 | _a624.1 AHE | ||
| 100 | _aAhearn, Alison | ||
| 245 | 0 | _a100 marvels of the modern world | |
| 260 | _aNew Yorks | ||
| 260 | _bGramercy Books | ||
| 260 | _c2007 | ||
| 300 | _apages 221 | ||
| 520 | _a100 Marvels of the Modern World by Alison Ahearn highlights the most impressive engineering and architectural achievements of modern times. The book presents iconic bridges, skyscrapers, dams, and other landmark structures, illustrating the design, construction, and technical innovations behind them. It is ideal for students and enthusiasts of civil engineering, architecture, and modern construction. | ||
| 650 | _aEngineering marvels – Modern | ||
| 650 | _aSkyscrapers – Design and construction | ||
| 650 | _aCivil engineering – Structures | ||
| 942 |
_cBK _2ddc _n0 |
||
| 999 |
_c11557 _d11557 |
||